| 000 | 00657nam a22001697a 4500 | ||
|---|---|---|---|
| 005 | 20260313141034.0 | ||
| 010 | _aBACHN26 | ||
| 020 |
_a9788119588985 _c450.00 |
||
| 037 | _bएस.के बुक इंटर नेशनल | ||
| 082 |
_21 _aक |
||
| 100 |
_aरांगेय राघव _988513 |
||
| 245 |
_aरांगेय राघव की अनमोल कहानियाँ/ _cरांगेय राघव |
||
| 250 | _a1 | ||
| 260 |
_bएस.के बुक इंटर नेशनल _c2026 _aदिल्ली |
||
| 300 |
_a144पृ. _c22सेमी(साजिल्द) |
||
| 942 |
_2ddc _mराघव _cHN _hक |
||
| 999 |
_c215554 _d215554 |
||